000 00442nam a22001697a 4500
003 MPLRDC
005 20220104183236.0
008 210129b ||||| |||| 00| 0 eng d
020 _a983-2585-55-4
082 _a833.5 LGF
100 _a李观发概念统筹
245 _a众里寻他千百度(有声书)
_c
260 _a马来西亚
_b37.2度杂货店
_c
300 _b随书附 2 CD
650 _a宋词总集
942 _cBK
_o833.5 LGF
999 _c62319
_d62309